| 000 | 01092nam a2200325 c 4500 | ||
|---|---|---|---|
| 003 | BLK | ||
| 005 | 20180420225747.0 | ||
| 008 | 180409b bul|||||r ||||||| ||bul|| | ||
| 010 | _aKNG00101930000 | ||
| 020 |
_a3-12-320819-2 _bиздат.: Klett |
||
| 040 | _aBLK | ||
| 041 |
_aDEU _cDEU |
||
| 080 |
_aНемски език (високонемски, стандартен писмен) _b811.112.2 _x(038.1) _z811.112.2(038.1) |
||
| 100 | 1 |
_aPlickat, Hans-Heinrich _eпърви автор _921382 |
|
| 700 | 1 |
_aHaaf, Ulrich _eсъавт. _912084 |
|
| 139 |
_aPlickat, Hans-Heinrich et al. _bP 75 |
||
| 245 | 1 | 0 |
_aPons Fidibus Schulworterbuch fur die Sekundarstufe I _cHans-Heinrich Plickat; съавт. Ulrich Haaf. |
| 257 | _aDEU | ||
| 260 |
_аStuttgart _bKlett _c1999 |
||
| 300 |
_a488 c. _c19 cm |
||
| 380 | _a80 | ||
| 650 | 4 |
_aНемски език - речници _9245988 |
|
| 653 | _aнемски език | ||
| 653 | _aречници | ||
| 852 | _aЦб 204734 | ||
| 856 | 4 |
_qpdf _u |
|
| 856 | 4 |
_qpdf _u |
|
| 942 |
_cKNG _n0 |
||
| 944 |
_aCR _c01.01.1999 _kТеодора_Стоянова |
||
| 944 |
_aED _c28.08.2007 _k |
||
| 999 |
_c97025 _d97025 |
||